[Event "VII Open"]
[Site "Portomannu ITA"]
[Date "2015.06.06"]
[Round "9"]
[White "Karason, Askell O."]
[Black "Kharitonov, Sergei"]
[Result "1/2-1/2"]
[WhiteElo "2324"]
[BlackElo "2107"]
[PlyCount "31"]
[EventDate "2015.06.06"]

1. c4 c6 2. g3 Nf6 3. Nf3 d5 4. Bg2 dxc4 5. O-O Nbd7 6. a4 a5 7. Na3 Nb6 8. Qc2
Be6 9. Ng5 Bg4 10. Nxc4 Bxe2 11. Ne5 Bh5 12. Qb3 e6 13. g4 Nxg4 14. Ngxf7 Bxf7
15. Nxg4 Qd4 16. Re1 1/2-1/2

[Event "VII Open"]
[Site "Portomannu ITA"]
[Date "2015.06.06"]
[Round "9"]
[White "Landa, Konstantin"]
[Black "Rombaldoni, Axel"]
[Result "1-0"]
[WhiteElo "2627"]
[BlackElo "2502"]
[PlyCount "93"]
[EventDate "2015.06.06"]

1. e4 e6 2. d4 d5 3. Nc3 Nf6 4. Bg5 Be7 5. e5 Nfd7 6. Bxe7 Qxe7 7. f4 a6 8. Nf3
c5 9. dxc5 Nc6 10. Qd2 O-O 11. Bd3 Nxc5 12. O-O Rd8 13. Ne2 d4 14. Nexd4 Nxd4
15. Nxd4 Nxd3 16. Qxd3 Qb4 17. Rfd1 Qxb2 18. Qb3 Qxb3 19. axb3 Bd7 20. Kf2 Kf8
21. Ke3 Ke7 22. Rd3 f6 23. exf6+ Kxf6 24. Ra5 Be8 25. Rc3 Rac8 26. Rac5 Rxc5
27. Rxc5 b6 28. Rc7 h6 29. g3 a5 30. c4 a4 31. bxa4 Bxa4 32. Rb7 Rd6 33. Nf3 g5
34. Ne5 gxf4+ 35. gxf4 Be8 36. Ng4+ Kg6 37. Re7 Ba4 38. Ne5+ Kh5 39. Rg7 Bc2
40. Rd7 Rxd7 41. Nxd7 Ba4 42. Nxb6 Bc6 43. Nc8 Kg4 44. Ne7 Bb7 45. c5 Kh3 46.
c6 Ba6 47. Kd4 1-0

[Event "VII Open"]
[Site "Portomannu ITA"]
[Date "2015.06.06"]
[Round "9"]
[White "Loew, Gerald"]
[Black "Ryzhkov, Vjacheslav"]
[Result "1-0"]
[WhiteElo "2238"]
[BlackElo "2151"]
[PlyCount "53"]
[EventDate "2015.06.06"]

1. c4 f5 2. g3 Nf6 3. Bg2 g6 4. Nc3 Bg7 5. d3 d6 6. e4 O-O 7. Nge2 Nc6 8. O-O
e5 9. Nd5 Nh5 10. Be3 f4 11. gxf4 Qh4 12. fxe5 Nxe5 13. f3 Bh3 14. Nd4 c6 15.
Nc7 Nf4 16. Bxf4 Rxf4 17. Nxa8 Ng4 18. fxg4 Rxg4 19. Nf3 Rxg2+ 20. Kh1 Qf4 21.
Qc1 Qg4 22. Qg5 Rxh2+ 23. Kxh2 Be5+ 24. Kh1 Bg2+ 25. Kg1 Bd4+ 26. Nxd4 Qxg5 27.
Rf8+ 1-0

[Event "VII Open"]
[Site "Portomannu ITA"]
[Date "2015.06.06"]
[Round "9"]
[White "Olafsson, Fridrik"]
[Black "Beshukov, Sergei"]
[Result "1/2-1/2"]
[WhiteElo "2397"]
[BlackElo "2385"]
[PlyCount "39"]
[EventDate "2015.06.06"]

1. f4 g6 2. Nf3 Bg7 3. g3 b5 4. Bg2 Bb7 5. d3 c5 6. O-O Qb6 7. Kh1 d6 8. c3 Nd7
9. Be3 Nh6 10. Nbd2 a5 11. Bg1 a4 12. a3 O-O 13. e4 e5 14. Ng5 exf4 15. gxf4
Rae8 16. f5 d5 17. fxg6 Qxg6 18. Nh3 d4 19. cxd4 cxd4 20. Nf4 1/2-1/2

[Event "VII Open"]
[Site "Portomannu ITA"]
[Date "2015.06.06"]
[Round "9"]
[White "Schaefer, Michael"]
[Black "Hjartarson, Johann"]
[Result "0-1"]
[WhiteElo "2165"]
[BlackElo "2535"]
[PlyCount "88"]
[EventDate "2015.06.06"]

1. d4 Nf6 2. c4 e6 3. Nc3 Bb4 4. g3 O-O 5. Bg2 d5 6. Nf3 dxc4 7. O-O Nc6 8. Bg5
h6 9. Bxf6 Qxf6 10. e3 Rb8 11. Nd2 Na5 12. Qc2 Qd8 13. a3 Be7 14. d5 b5 15.
Rfd1 e5 16. h3 a6 17. g4 f5 18. gxf5 Bxf5 19. Nce4 Bh4 20. Qc3 Nb3 21. Nxb3
Bxe4 22. Bxe4 Bxf2+ 23. Kh1 cxb3 24. Qxe5 Kh8 25. Qh5 Qd6 26. Rac1 Rb6 27. Qg4
Qe5 28. Rc6 Rxc6 29. dxc6 Qf6 30. Rf1 g6 31. Qxg6 Qxg6 32. Bxg6 Kg7 33. Bh5
Bxe3 34. Rd1 Bb6 35. Rd7+ Kf6 36. Bd1 Ke5 37. Bxb3 Rf1+ 38. Kg2 Rf2+ 39. Kg3
Rxb2 40. Rd3 Ke4 41. Rf3 Bf2+ 42. Rxf2 Rxb3+ 43. Kg4 Kd5 44. h4 Rxa3 0-1

[Event "VII Open"]
[Site "Portomannu ITA"]
[Date "2015.06.06"]
[Round "9"]
[White "Theon, Pierre"]
[Black "Petursson, Margeir"]
[Result "0-1"]
[WhiteElo "2149"]
[BlackElo "2529"]
[PlyCount "86"]
[EventDate "2015.06.06"]

1. c4 c5 2. g3 Nf6 3. Bg2 Nc6 4. Nc3 g6 5. Nf3 d6 6. O-O Bg7 7. d4 cxd4 8. Nxd4
Bd7 9. Nc2 O-O 10. h3 Qc8 11. g4 h5 12. f3 hxg4 13. hxg4 Re8 14. Qe1 a6 15. Qh4
Na5 16. Kf2 Nxc4 17. Rh1 Ne5 18. Kg3 Bxg4 19. fxg4 Qxg4+ 20. Qxg4 Nfxg4 21.
Bxb7 Ra7 22. Bg2 e6 23. e4 f5 24. Rd1 Nc4 25. Bf1 Rc8 26. Bxc4 Rxc4 27. Ne3
Nxe3 28. Bxe3 Rb7 29. Rd2 fxe4 30. Rc1 d5 31. Ne2 Rxc1 32. Nxc1 Bxb2 33. Nb3
Be5+ 34. Kg4 Rc7 35. Nc5 d4 36. Bxd4 Bxd4 37. Nxe6 e3 38. Rxd4 e2 39. Re4 Rc4
40. Rxc4 e1=Q 41. Rc8+ Kh7 42. Ng5+ Kh6 43. Rh8+ Kg7 0-1

[Event "VII Open"]
[Site "Portomannu ITA"]
[Date "2015.06.06"]
[Round "9"]
[White "Tischbierek, Raj"]
[Black "Byron, Alan M."]
[Result "1-0"]
[WhiteElo "2442"]
[BlackElo "2196"]
[PlyCount "49"]
[EventDate "2015.06.06"]

1. e4 c6 2. Nc3 d5 3. Nf3 Bg4 4. h3 Bxf3 5. Qxf3 e6 6. d3 Nf6 7. Bd2 Nbd7 8. g4
h6 9. O-O-O Bb4 10. a3 Ba5 11. h4 d4 12. Ne2 Ne5 13. Qg3 Bxd2+ 14. Rxd2 Nexg4
15. Bh3 h5 16. Rg1 Qb8 17. f3 Qxg3 18. Rxg3 Ne5 19. Nxd4 Rd8 20. Ne2 Rh6 21.
Nf4 Ke7 22. Rxg7 Nxf3 23. Nxe6 Rd6 24. Ng5 Ne5 25. d4 1-0

[Event "VII Open"]
[Site "Portomannu ITA"]
[Date "2015.06.06"]
[Round "9"]
[White "Vogt, Lothar H."]
[Black "De Jong-Muhren, Bianca"]
[Result "1-0"]
[WhiteElo "2408"]
[BlackElo "2365"]
[PlyCount "69"]
[EventDate "2015.06.06"]

1. e4 c5 2. Nf3 e6 3. d4 cxd4 4. Nxd4 Nc6 5. Nc3 Qc7 6. g3 a6 7. Bg2 Nf6 8. O-O
Nxd4 9. Qxd4 Bc5 10. Qd3 Ng4 11. Qe2 h5 12. Kh1 b5 13. h3 Bb7 14. Bf4 Ne5 15.
Bxe5 Qxe5 16. f4 Qc7 17. e5 Bxg2+ 18. Qxg2 Qc6 19. a4 b4 20. Qxc6 dxc6 21. Ne4
Bd4 22. c3 bxc3 23. bxc3 Ba7 24. Rab1 O-O 25. Rfd1 Rab8 26. Rxb8 Bxb8 27. Nc5
a5 28. Rd7 Rc8 29. Na6 h4 30. Rb7 Ba7 31. Rxa7 Rd8 32. Nc5 Rd2 33. Ne4 Re2 34.
Ng5 g6 35. gxh4 1-0